banner-ar

الدولة والخلافة فى الخطاب العربى ابان الثورة الكمالية فى تركيا / (Record no. 47918)

MARC details
000 -الفاتح
حقل البيانات ثابتة الطول 00977nam a2200265Ia 4500
005 - وقت وتاريخ اخر تعامل مع التسجيلة
رقم الضبط 20240530104452.0
008 - عناصر البيانات ثابتة الطول - معلومات عامة
حقل البيانات ثابتة الطول 140319s9999 xx 000 0 ara d
040 ## - مصدر الفهرسة
وكالة الفهرسة الأصلية GCL /
وكالة النسخ GCL
082 04 - رقم تصنيف ديوى العشرى
رقم التصنيف 956.108
رقم المادة و د
100 1# - المدخل الرئيسى - إسم شخصى
الإسم الشخصى وجيه كوثرانى
245 10 - بيان العنوان
العنوان الدولة والخلافة فى الخطاب العربى ابان الثورة الكمالية فى تركيا /
بيان المسئوليه,etc وجيه كوثرانى
300 ## - الوصف المادى
التعداد 247 ص
490 ## - بيان السلسلة
عنوان السلسلة سلسلة التراث العربى
رقم المجلد/ التعيين التسلسلي 0
650 04 - المدخل الاضافى بالموضوع-مصطلح موضوعى
مصطلح موضوعي تركيا - تاريخ
650 04 - المدخل الاضافى بالموضوع-مصطلح موضوعى
مصطلح موضوعي تركيا - تاريخ - العصر الحديث
650 04 - المدخل الاضافى بالموضوع-مصطلح موضوعى
مصطلح موضوعي الامبراطورية العثمانية - سقوط
650 04 - المدخل الاضافى بالموضوع-مصطلح موضوعى
مصطلح موضوعي ثورة 1921
650 04 - المدخل الاضافى بالموضوع-مصطلح موضوعى
مصطلح موضوعي الثورة الكمالية
700 1# - المدخل الاضافى - اسم شخصى
الإسم الشخصى رشيد رضا
700 1# - المدخل الاضافى - اسم شخصى
الإسم الشخصى عبدالرحمن الشهبندر
700 1# - المدخل الاضافى - اسم شخصى
الإسم الشخصى وجيه كوثرانى
942 ## - عناصر المدخل الإضافي( كوها)
مصدر التصنيف او مخطط الترفيف Dewey Decimal Classification
Koha [default] item type كتاب
260 ## - PUBLICATION, DISTRIBUTION, ETC. (IMPRINT)
-- بيروت :
-- دار الطليعة للطباعة والنشر،
Holdings
حالة التراجع حالة الفقد حالة تلف ليس للاعارة المكان المؤقت الموقع الحالى تاريخ الاكتساب اجمالي اﻻعارات رقم الطلب الباركود تاريخ اخر مشاهدة تاريخ تفعيل السعر نوع وعاء كوها
        مكتبة القاهرة الكبرى مكتبة القاهرة الكبرى 03/26/2014   956.108\و د 115580 03/26/2014 03/26/2014 كتاب
        مكتبة القاهرة الكبرى مكتبة القاهرة الكبرى 03/26/2014   956.108\و د 115581 03/26/2014 03/26/2014 كتاب

Powered By

EGPV